000 00626cam a22002293a 4500
001 10038
003 PGUSA
005 20140828083219.0
008 031101s2003||||xxu|||||s|||||000 1 eng d
040 _aPGUSA
_beng
042 _adc
050 4 _aPS
100 1 _aRobins, Elizabeth,
_d1862-1952
245 1 4 _aThe Magnetic North
_h[electronic resource] /
_cElizabeth Robins
260 _bProject Gutenberg,
_c2003
506 _aPublic domain in the USA.
516 _aElectronic text
653 _aYukon -- Fiction
830 0 _aProject Gutenberg
_v10038
856 4 0 _uhttp://www.gutenberg.org/ebooks/10038
942 _cEB
999 _c239293
_d239293